Simple and flexible or long and complex ? (Record no. 75992)
[ view plain ]
| 000 -LEADER | |
|---|---|
| fixed length control field | 01461cab a2200193 4500 |
| 001 - CONTROL NUMBER | |
| control field | ##L131229 |
| 008 - FIXED-LENGTH DATA ELEMENTS--GENERAL INFORMATION | |
| fixed length control field | 051007n2005 000 0 eng u |
| 035 ## - SYSTEM CONTROL NUMBER | |
| System control number | (Sirsi) u131229 |
| 041 0# - LANGUAGE CODE | |
| Language code of text/sound track or separate title | eng |
| 100 1# - MAIN ENTRY--PERSONAL NAME | |
| Personal name | Minogue, Ann |
| 245 00 - TITLE STATEMENT | |
| Title | Simple and flexible or long and complex ? |
| 260 3# - PUBLICATION, DISTRIBUTION, ETC. | |
| Date of publication, distribution, etc. | 2005 |
| 490 ## - SERIES STATEMENT | |
| Series statement | Estates Gazette |
| Volume/sequential designation | (0539) 1 October 2005, 128-130(3) |
| 520 ## - SUMMARY, ETC. | |
| Summary, etc. | Examines the new consultancy agreement produced by the British Property Federation (BPF) in association with Workplace Law Group after almost a decade of preparatory work. The BPF Consultancy Agreement enters a market where many different forms of consultancy agreements are already available to developers but these are normally drawn in favour of the consultant and do not take into account the requirements of funders. Looks at the background of the BPF Consultancy Agreement and the detailed terms of the agreement. Points out that the new agreement does not include a net contribution clause nor does it include a cap on the consultant's liability for breach. Concludes that the BPF agreement represents an excellent starting point for construction industry clients intending to use two-stage design-and-build procurement routes and a brave attempt at introducing standardisation into a market place dominated by custom-drafted documents. |
| 590 ## - LOCAL NOTE (RLIN) | |
| Local note | IKA111005 |
| 650 24 - SUBJECT ADDED ENTRY--TOPICAL TERM | |
| Topical term or geographic name entry element | BPF CONSULTANCY AGREEMENT |
| 690 ## - LOCAL SUBJECT ADDED ENTRY--TOPICAL TERM (OCLC, RLIN) | |
| Topical term or geographic name as entry element | BUILT ENVIRONMENT-BUILDING CONTRACT FORMS |
| 942 ## - ADDED ENTRY ELEMENTS (KOHA) | |
| Suppress in OPAC | 0 |
| Withdrawn status | Lost status | Source of classification or shelving scheme | Damaged status | Not for loan | Home library | Current library | Shelving location | Date acquired | Total Checkouts | Full call number | Barcode | Date last seen | Copy number | Price effective from | Koha item type |
|---|---|---|---|---|---|---|---|---|---|---|---|---|---|---|---|
| Dewey Decimal Classification | London | London | Journal article | 07/10/2005 | L131229 | 131229-1001 | 06/08/2019 | 1 | 06/08/2019 | Journal article |